Los caminos de dios / (Record no. 118978)

MARC details
000 -LEADER
campo de control de longitud fija 00621nam a2200205 4500
001 - NÚMERO DE CONTROL
campo de control 118978
003 - IDENTIFICADOR DE NÚMERO DE CONTROL
campo de control ES-MaACL
005 - FECHA Y HORA DE LA ÚLTIMA TRANSACCIÓN
campo de control 20260217063013.0
007 - CAMPO FIJO DE DESCRIPCIÓN FÍSICA--INFORMACIÓN GENERAL
campo de control de longitud fija t|
008 - DATOS DE LONGITUD FIJA--INFORMACIÓN GENERAL
campo de control de longitud fija 070214s1968 sp r ||||1| spa d
100 0# - ENTRADA PRINCIPAL--NOMBRE DE PERSONA
Nombre de persona Peyriguere, Albert
9 (RLIN) 91602
245 14 - MENCIÓN DEL TÍTULO
Título Los caminos de dios /
Mención de responsabilidad, etc. Albert Peyguere ; prólogo de Michel Lafon ; versión de Salvador Cabré.
250 ## - MENCION DE EDICION
Mención de edición 1ª. ed.
260 ## - PUBLICACIÓN, DISTRIBUCIÓN, ETC.
Lugar de publicación, distribución, etc. Barcelona :
Nombre del editor, distribuidor, etc. Nova Terra,
Fecha de publicación, distribución, etc. 1968.
300 ## - DESCRIPCIÓN FÍSICA
Extensión 184 p. ;
Dimensiones 20 cm.
700 1# - ENTRADA AGREGADA--NOMBRE PERSONAL
Nombre de persona Lafon, Michel.
9 (RLIN) 69496
700 1# - ENTRADA AGREGADA--NOMBRE PERSONAL
Nombre de persona Cabré, Salvador.
9 (RLIN) 33264
852 ## - LOCALIZACIÓN
Ubicación ES-MaACL
Número de control de estantería C-50434
Sublocalización o colección R.68143
Holdings
Estatus retirado Estado de pérdida Estado de daño No para préstamo Biblioteca de origen Biblioteca actual Ubicación en estantería Fecha de adquisición Fuente de adquisición Total de préstamos Signatura topográfica completa Código de barras Visto por última vez Precio de reemplazo Tipo de ítem Koha
        Biblioteca del Ateneo de Madrid Biblioteca del Ateneo de Madrid Depósito 2 17/01/2008     C-50434 1124033 23/02/2023 23/02/2023 Libro impreso